LEADER 03190nam 22006492 450 001 9910823635203321 005 20220621175151.0 010 $a1-139-89206-1 010 $a1-107-46067-0 010 $a1-107-45899-4 010 $a1-107-56233-3 010 $a1-107-46478-1 010 $a1-107-47187-7 010 $a1-107-46824-8 010 $a1-139-09431-9 010 $a1-107-47291-1 035 $a(CKB)2550000001138805 035 $a(EBL)1543544 035 $a(OCoLC)862614146 035 $a(SSID)ssj0000999550 035 $a(PQKBManifestationID)12346503 035 $a(PQKBTitleCode)TC0000999550 035 $a(PQKBWorkID)10933256 035 $a(PQKB)11468431 035 $a(UkCbUP)CR9781139094313 035 $a(MiAaPQ)EBC1543544 035 $a(Au-PeEL)EBL1543544 035 $a(CaPaEBR)ebr10774111 035 $a(CaONFJC)MIL538475 035 $a(EXLCZ)992550000001138805 100 $a20131007d2013|||| uy| 0 101 0 $aeng 135 $aur||||||||||| 181 $ctxt$2rdacontent 182 $cc$2rdamedia 183 $acr$2rdacarrier 200 14$aThe psychology of contemporary art /$fGregory Minissale$b[electronic resource] 210 1$aNew York :$cCambridge University Press,$d2013. 215 $a1 online resource (xxxv, 372 pages) $cdigital, PDF file(s) 300 $aTitle from publisher's bibliographic system (viewed on 14 Jan 2016). 311 $a1-107-01932-X 311 $a1-306-07224-7 320 $aIncludes bibliographical references and index. 327 $aMachine generated contents note: 1. Introduction; 2. Brain; 3. Body; 4. World. 330 $aWhile recent studies in neuroscience and psychology have shed light on our sensory and perceptual experiences of art, they have yet to explain how contemporary art downplays perceptual responses and, instead, encourages conceptual thought. The Psychology of Contemporary Art brings together the most important developments in recent scientific research on visual perception and cognition and applies the results of empirical experiments to analyses of contemporary artworks not normally addressed by psychological studies. The author explains, in simple terms, how neuroaesthetics, embodiment, metaphor, conceptual blending, situated cognition and extended mind offer fresh perspectives on specific contemporary artworks - including those of Marina Abramovic?, Francis Aly?s, Martin Creed, Tracey Emin, Felix Gonzales-Torres, Marcus Harvey, Mona Hatoum, Thomas Hirschhorn, Gabriel Orozco, Marc Quinn and Cindy Sherman. This book will appeal to psychologists, cognitive scientists, artists and art historians, as well as those interested in a deeper understanding of contemporary art. 606 $aArt, Modern$y20th century$xPsychological aspects 606 $aArt, Modern$y21st century$xPsychological aspects 615 0$aArt, Modern$xPsychological aspects. 615 0$aArt, Modern$xPsychological aspects. 676 $a701/.1 700 $aMinissale$b Gregory$01668896 801 0$bUkCbUP 801 1$bUkCbUP 906 $aBOOK 912 $a9910823635203321 996 $aThe psychology of contemporary art$94029835 997 $aUNINA LEADER 03757nam 2200625 450 001 9910827588803321 005 20240131145431.0 010 $a3-11-052175-X 010 $a3-11-052387-6 024 7 $a10.1515/9783110523874 035 $a(CKB)4340000000208908 035 $a(MiAaPQ)EBC5106127 035 $a(DE-B1597)473924 035 $a(OCoLC)1011446327 035 $a(DE-B1597)9783110523874 035 $a(Au-PeEL)EBL5106127 035 $a(CaPaEBR)ebr11462147 035 $a(OCoLC)1009180349 035 $a(EXLCZ)994340000000208908 100 $a20171129h20172017 uy 0 101 0 $aeng 135 $aurcnu|||||||| 181 $2rdacontent 182 $2rdamedia 183 $2rdacarrier 200 00$aHandbook of comparative and historical Indo-European linguistics /$fedited by Jared Klein, Brian Joseph, Matthias Fritz ; in cooperation with Mark Wenthe 210 1$aBerlin, [Germany] ;$aBoston, [Massachusetts] :$cDe Gruyter Mouton,$d2017. 210 4$d©2017 215 $a1 online resource (1,396 pages) $cillustrations (some color) 225 1 $aHandbu?cher zur Sprach- und Kommunikationswissenschaft,$x1861-5090 ;$vBand 41.2 311 $a3-11-052161-X 320 $aIncludes bibliographical references. 327 $tFrontmatter --$tContents --$t46. The documentation of Italic --$t47. The phonology of Italic --$t48. The morphology of Italic --$t49. The syntax of Italic --$t50. The lexicon of Italic --$t51. The dialectology of Italic --$t52. The evolution of Italic --$t53. The documentation of Germanic --$t54. The phonology of Germanic --$t55. The morphology of Germanic --$t56. The syntax of Germanic --$t57. The lexicon of Germanic --$t58. The dialectology of Germanic --$t59. The evolution of Germanic --$t60. The documentation of Armenian --$t61. The phonology of Classical Armenian --$t62. The morphology of Armenian --$t63. The syntax of Classical Armenian --$t64. The lexicon of Armenian --$t65. The dialectology of Armenian --$t66. The evolution of Armenian --$t67. The documentation of Celtic --$t68. The phonology of Celtic --$t69. The morphology of Celtic --$t70. The syntax of Celtic --$t71. The lexicon of Celtic --$t72. The dialectology of Celtic --$t73. The evolution of Celtic --$t74. The documentation of Tocharian --$t75. The phonology of Tocharian --$t76. The morphology of Tocharian --$t77. The syntax of Tocharian --$t78. The lexicon of Tocharian --$t79. The dialectology of Tocharian 330 $aThis book presents the most comprehensive coverage of the field of Indo-European Linguistics in a century, focusing on the entire Indo-European family and treating each major branch and most minor languages. The collaborative work of 120 scholars from 22 countries, Handbook of Comparative and Historical Indo-European Linguistics combines the exhaustive coverage of an encyclopedia with the in-depth treatment of individual monographic studies. 410 0$aHandbu?cher zur Sprach- und Kommunikationswissenschaft ;$vBand 41.2. 606 $aIndo-European languages$xGrammar, Comparative 606 $aIndo-European languages$xGrammar, Historical 610 $aEncyclopedia. 610 $aIndo-European Family. 610 $aIndo-European Linguistics. 615 0$aIndo-European languages$xGrammar, Comparative. 615 0$aIndo-European languages$xGrammar, Historical. 676 $a415 686 $aEU 700$2rvk 702 $aKlein$b Jared 702 $aJoseph$b Brian 702 $aFritz$b Matthias 702 $aWenthe$b Mark 801 0$bMiAaPQ 801 1$bMiAaPQ 801 2$bMiAaPQ 906 $aBOOK 912 $a9910827588803321 996 $aHandbook of comparative and historical Indo-European linguistics$92635522 997 $aUNINA LEADER 02264nam0 22004093i 450 001 MIL0700322 005 20251003044236.0 010 $a888937361X 100 $a20130408d2005 ||||0itac50 ba 101 | $aita 102 $ait 181 1$6z01$ai $bxxxe 182 1$6z01$an 200 1 $aAttivitą nucleari e diritto internazionale$fAnna Di Lieto 210 $aNapoli$cEditoriale scientifica$dc2005 215 $aVIII, 136 p.$d24 cm. 225 | $aUniversitą degli studi di Napoli Federico 2., Dipartimento di scienze internazionalistiche e di studi sul sistema politico ed istituzionale europeo. Serie 2, Studi di diritto internazionale e dell'Unione europea$v5 410 0$1001URB0433854$12001 $aUniversitą degli studi di Napoli Federico 2., Dipartimento di scienze internazionalistiche e di studi sul sistema politico ed istituzionale europeo. Serie 2, Studi di diritto internazionale e dell'Unione europea$v5$171201$aUniversitą degli studi$c $b : Dipartimento di scienze internazionalistiche e di studi sul sistema politico ed istituzionale europeo$3CFIV227491 606 $aENERGIA NUCLEARE$xDIRITTO INTERNAZIONALE$2FIR$3MILC013770$9I 606 $aArmi nucleari$xDiritto internazionale$2FIR$3CFIC005667$9I 676 $a341.734$9$v21 676 $a343.09$9DIRITTO. Controllo delle imprese di servizi pubblici$v14 676 $a343.0925$9Energia nucleare$v22 696 $aEnergia atomica 696 $aArmi atomiche 699 $aEnergia nucleare$zEnergia atomica 699 $aArmi nucleari$zArmi atomiche 700 1$aDi Lieto$b, Anna$3MILV314549$4070$0507068 801 3$aIT$bIT-000000$c20130408 850 $aIT-BN0095 901 $bNAP 01$cD $n$ 901 $bNAP 01$cTEDASS $nex Centro interdipartimentale sulle alte tecnologie per la diagnostica ambientale e lo sviluppo sostenibile 912 $aMIL0700322 950 0$aBiblioteca Centralizzata di Ateneo$d 01D (C) 21 735$e 01C 0800217355 VMA 1 v.$fY $h20121016$i20121016$d 01TEDASS 343.09 DIL.at$e 0102 0000087915 VMA FD 1 v.$fY $i20111103 977 $a 01 996 $aAttivitą nucleari e diritto internazionale$9777702 997 $aUNISANNIO